000 00903nam a2200253Ia 4500
003 OSt
005 20221005112207.0
006 a|||||r|||| 00| 0
007 ta
008 221004b |||||||| |||| 00| 0 pan d
020 _cINR 250.00
024 _a38550
037 _b1017, 30/01/2018, H.K. Prakashan
_cTextual
040 _aCRL
_cCRL
_bpan
041 _2pan
_apan
082 _aQ8441:21:g, 153Q7
100 _aਸਿੰਘ, ਜੋਗਿੰਦਰ, ਂਚ.
245 0 _aਬਿਬੇਕ ਵਿਗਾਸ
260 _aਅੰਮ੍ਰਿਤਸਰ
_bਨਿਰੰਕਾਰਿ ਆਕਾਰੁ ਉਪਾਇਆ ਟ੍ਰੱਸਟ ਭਾਰਤ
_c2017
300 _a280ਪ0
_ccm.
650 _aਸਿੱਖ ਧਰਮ
_9156314
942 _hQ8441:21:g, 153Q7
_cTEXL
_2cc
999 _c1024148
_d1024148